000 00677nas a2200253 4500
001 BR2015000187
003 BR-BrBNA
005 20231205124942.0
007 ta
008 230509b bl.|||p| |||| 00| 00por d
040 _aBR-BrBNA
_bpor
_cBiblioteca Nacional de Agricultura
041 _a(Pt)
072 _aL02
100 1 _aSartini, H.J.
245 1 _aO capim pangola
650 _aCAPIM PANGOLA
650 _aPASTEJO
650 _aPRODUCAO VEGETAL
650 _aNUTRICAO ANIMAL
650 _aPASTAGEM
773 0 _tZootecnia (Brazil)
_xISSN 0044-5320
_g(1964), v. 2(3) p. 41-44
_wBR2015000187
909 _a202311
_bLúcia
_c55
_dLúcia Elande
942 _2AGRIS
_n0
_cANA
999 _c241810
_d241810